00931nam a22002417a 450000500170000000800410001702000180005804000070007604100080008308200220009110000190011324500400013226000430017230000330021536500240024852002670027265000210053965000180056065000180057865000220059665000500061870000210066820211115091340.0211115b ||||| |||| 00| 0 eng d a9788187966845 cAL aeng 223a355.033bCHAP aShalini Chawla aPakistans Military and its Strategy aNew DelhibKW Publishers Pvt Ltdc2009 axixiii,295 p.bHBc23x15 cm. b720.00c₹d720.00 ahis book is an attempt to fill a critical void in our knowledge in understanding Pakistan s military which on one side began to dominate the power structure of the country and at another sought a unique strategy to apply force for ideological and political goals aMilitary Science aPakistan Navy aPakistan Army aPakistan Airforce aPskistan Political, Economic. Military Trends aCHAWLA (Shalini)